000 00504 a2200157 4500
020 _a 9971514265
040 _aDLC
_bDLC
082 _a621.395
100 _aBalabanian, Norman.
245 _a Digital logic design principles
_cNorman, Balabanian.
260 _aSigaproe :
_bWiley & Sons (Asia) Pte. Ltd.,
_cc2002.
300 _axiii, 373 p. :
_b ill. ;
_c25 cm.
500 _aIncludes bibliographical references and index
650 _a1.Digital electronics.2.Logic design.
942 _cBK
_k621.395 BAL
_2ddc
999 _c8537
_d8537